000 01668cam a22003854i 4500
003 PE-LiUPU
005 20250731184102.0
008 150623s r 000 0 d
020 _a9505816413
035 _a(Sirsi) i9789505816415
040 _aPE-LiUPU
_bspa
_cPE-LiUPU
_erda
049 _aPRUA
082 0 4 _a808.02
_bM26
_221
100 1 _aMaritano, Alma,
_eautor.
245 1 0 _aTaller de escritura :
_bla aventura de escribir.
264 1 _aBuenos Aires, Argentina :
_bEdiciones Colihue,
_c[199?].
300 _a204 páginas :
_bilustraciones, gráficos ;
_c19 centímetros
336 _atext
_2rdacontent
337 _aunmediated
_2rdamedia
338 _avolume
_2rdacarrier
504 _aIncluye bibliografía.
505 0 _aUna declaración de principios. -Escribir: una aventura posible. -La tarea del taller de escritura. -Nuestro método de trabajo. -Ejercicios motivadores. -Ejercicios relacionados con otras disciplinas artísticas. -Trabajo con la palabra: El discurso. -Trabajo de composición: la estructura.
526 _aP145
526 _aP127
526 _aP97
526 _aP14
526 _aP07
650 0 4 _aArte de escribir.
_92022
942 _2ddc
_cBOOK
949 _a808.02 M26
_wDEWEY
_c1
_i51408
_d2016-9-11
_e2016-9-1
_lCCODEBUL1
_mBUL
_n1
_p10.00
_r0
_sY
_tBOOK
_u2015-6-24
_xEDUCACION
_zUNKNOWN
_0COMPRA
_o.STAFF. Colección General
994 _aC0
_bPEPRU
596 _a1
999 _a808.02 M26
_wDEWEY
_c33128
_i51408
_d33128
_e2016-9-1
_f2021-11-9
_g5
_lCCODEBUL1
_mBUL
_n1
_p10.00
_r0
_sY
_tBOOK
_u2015-6-24
_xEDUCACION
_zUNKNOWN
_0COMPRA
_o.STAFF. Colección General
980 _81
_gALBERTO SANCHEZ Responsable de Automatización